Il Patalogo quindici, annuario 1992 dello spettacolo, teatro.
I tiakina i:
| Hōputu: | Pukapuka |
|---|---|
| Reo: | Itāriana |
| I whakaputaina: |
Milano :
Ubulibri,
1992
|
| Ngā marau: | |
| Ngā Tūtohu: |
Kāore He Tūtohu, Me noho koe te mea tuatahi ki te tūtohu i tēnei pūkete!
|
MARC
| LEADER | 00000nam a22000007ib4500 | ||
|---|---|---|---|
| 001 | IT\ICCU\REA\0026110 | ||
| 003 | ItRI | ||
| 005 | 20260115231929.0 | ||
| 008 | 930603s1992 it |||||| ||||| |||||c | ||
| 020 | |a 8877481242 | ||
| 040 | |b ita |c importazione bologna sebina | ||
| 041 | 7 | |a ita |2 ISO-639-2 | |
| 245 | 0 | 3 | |a Il Patalogo quindici, |p annuario 1992 dello spettacolo, |p teatro. |
| 246 | 1 | 3 | |a Patalogo 15. - |9 IT\ICCU\REA\0026112 |
| 260 | |a Milano : |b Ubulibri, |c 1992 | ||
| 300 | |a 319 p. : |b ill. ; |c 24 cm | ||
| 500 | |a Titolo in copertina: Patalogo 15 | ||
| 500 | |a Titolo sul dorso: Il patalogo 15 | ||
| 650 | 7 | |a TEATRO |x 1992 |x Annuari |2 scbi | |
| 773 | 0 | |w IT\ICCU\VEA\0006022 |t Il patalogo ... |g 15 | |
| 942 | |2 ddc |c BK |n 0 | ||
| 952 | |0 0 |1 0 |4 0 |6 DOC_791_405000000000000_PAT |7 0 |9 16930 |a BO |b BO |d 2026-01-15 |i 6016 |l 0 |o DOC 791.405 PAT |p BO6016 |r 2026-01-15 23:19:29 |w 2026-01-15 |x [Sebina 7] [1 v.] |y BK |z 1 v. | ||
| 999 | |c 14461 |d 14461 | ||